000 00702nam a2200277Ia 4500
001 AUWbook000078
003 BDCtgAUW
005 20260406154806.0
008 220908s9999 xx 000 0 eng d
020 _a0586045686
040 _aBDCtgAUW
_cBDCtgAUW
050 _aPR6063.U7
100 1 _aMurdoch, Iris.
_92430
245 0 _aThe red and the green.
260 _aHerts :
_bTriad Panther,
_c1965.
650 0 _aDomestic fiction.
650 0 _aEnglish literature.
650 0 _aHistorical fiction.
650 0 _aIreland
_xHistory
_xEaster Rising.
_978694
650 0 _aWomen.
655 7 _aFiction.
_2lcgft
_973569
887 _a BRAC
_22982
888 _22982
942 _cBK
_00
945 _cBK
999 _c16401
_d16401